000 00826nam a2200253 i 4500
001 bg
100 1 _aŚCIŚLICKI, Andrzej
245 1 0 _aReduktory szumów fonii w sprzęcie audio-wideo /
_cAndrzej Ściślicki.
260 _aWarszawa :
_bWydawnictwa Komunikacji i Łączności,
_c1996.
300 _a143, [1] s. :
_brys., wykr. ;
_c24 cm.
504 _aBibliogr. s. 106. - Indeks.
521 _aDla radioamatorów i elektroników.
650 9 _aElektroakustyka
_xurządzenia
_xbudowa i konstrukcje
650 9 _aStereofonia
_xzagadnienia
650 9 _aUkłady elektroniczne
_xstosowanie
655 _aPodręczniki
020 _a8320611881
040 _cBPK
041 0 _apl
080 _a534.85:681.84/.85:621.396/.397](07)
920 _a83-206-1188-1
942 _cKS
008 s pl f |000 0 pol
999 _c35747
_d35747
856 _uhttp://koha.tu.koszalin.pl/cgi-bin/koha/opac-detail.pl?biblionumber=35747
_yKatalog online BPK